000 01461nam a22003617a 4500
003 CHAP
005 20220329143825.0
008 111011s2011 mx r 00010 spa d
010 _a102364
011 _a103336
035 _a114025
040 _cCHAP
090 _aTesis
100 1 _aLópez Díaz, Juan Gabriel.
_967833
245 1 _aUn nuevo barrenador de troncos del aguacatero en Santa María Ahucatitlán, municipio de Cuernavaca, Morelos
_h[En línea]
_c/por Juan Gabriel López Díaz
260 _aChapingo, Méx. :
_bEl autor,
_c2011
500 _aPara ver el contenido del material haga clic en la liga
502 _aTesis (Ing. Agr. Esp. en Parasitología Agrícola) -- UACH. Departamento de Parasitología Agrícola
590 _aALEPH
_b10
_c20130110
_lUCH01
_h1542
590 _aBATCH-UPD
_b10
_c20130110
_lUCH01
_h1335
590 _aBATCH-UPD
_b10
_c20130410
_lUCH01
_h0839
590 _aBATCH-UPD
_b10
_c20130913
_lUCH01
_h2308
590 _aBATCH-UPD
_b10
_c20140324
_lUCH01
_h1528
590 _aBATCH-UPD
_b10
_c20141002
_lUCH01
_h0851
590 _aCONVERSION
_b10
_c20130109
_lUCH01
_h1356
650 1 4 _aAguacate
_xMorelos.
_92539
650 1 4 _aAguacate
_xPlagas.
_92543
856 _3Finding aid
_uhttp://10.13.5.2/tesis/114025.pdf
_zTeclea aqui
901 _aBK
942 _cFOLL
949 _aTesis
_bBC
_cTES
_d33724002308009
_eTS1
_gDonaciØn
_h52866
_i114025
_st
949 _aTesis
_bBC
_cTES
_d33724002308777
_eTS2
_fc.2
_gDonaciØn
_h52867
_i114025
_st
999 _c102364
_d102364